Persia antigua y la civilización irania / (Record no. 115018)

MARC details
000 -LEADER
campo de control de longitud fija 00764nam a2200229 i 4500
001 - NÚMERO DE CONTROL
campo de control 115018
003 - IDENTIFICADOR DE NÚMERO DE CONTROL
campo de control ES-MaACL
005 - FECHA Y HORA DE LA ÚLTIMA TRANSACCIÓN
campo de control 20230906190316.0
007 - CAMPO FIJO DE DESCRIPCIÓN FÍSICA--INFORMACIÓN GENERAL
campo de control de longitud fija t|
008 - DATOS DE LONGITUD FIJA--INFORMACIÓN GENERAL
campo de control de longitud fija 070219s1930 sp ||||1| spa d
100 1# - ENTRADA PRINCIPAL--NOMBRE DE PERSONA
Nombre de persona Huart, Clément.
9 (RLIN) 64465
245 10 - MENCIÓN DEL TÍTULO
Título Persia antigua y la civilización irania /
Mención de responsabilidad, etc. por Clemente Huart ; traducción Elias Serra Rafols.
260 ## - PUBLICACIÓN, DISTRIBUCIÓN, ETC.
Lugar de publicación, distribución, etc. Barcelona :
Nombre del editor, distribuidor, etc. Cervantes,
Fecha de publicación, distribución, etc. 1930.
300 ## - DESCRIPCIÓN FÍSICA
Extensión XCII, 389 p. :
Otras características físicas il ;
Dimensiones 21 cm.
490 1# - MENCIÓN DE SERIE
Mención de serie La evolución de la humanidad ;
Designación de volumen o secuencia 24
500 ## - NOTA GENERAL
Nota general Con 45 figuras y un mapa en el texto.
651 #4 - PUNTO DE ACCESO ADICIONAL DE MATERIA--NOMBRE GEOGRÁFICO
Nombre geográfico Irán-
Subdivisión general Civilización.
9 (RLIN) 8850
700 0# - ENTRADA AGREGADA--NOMBRE PERSONAL
Nombre de persona Serra Ràfols, Elías.
9 (RLIN) 105653
830 0# - PUNTO DE ACCESO ADICIONAL DE SERIE-TÍTULO UNIFORME
Título uniforme La evolución de la humanidad ;
Designación de volumen o secuencia 24
9 (RLIN) 185926
852 ## - LOCALIZACIÓN
Ubicación ES-MaACL
Número de control de estantería C-29099
Holdings
Estatus retirado Estado de pérdida Estado de daño No para préstamo Biblioteca de origen Biblioteca actual Ubicación en estantería Fecha de adquisición Fuente de adquisición Total de préstamos Signatura topográfica completa Código de barras Visto por última vez Precio de reemplazo Tipo de ítem Koha
        Biblioteca del Ateneo de Madrid Biblioteca del Ateneo de Madrid Depósito 2 17/01/2008     C-29099 1119939 23/02/2023 23/02/2023 Libro impreso